000
00204 a2200109 4500
020
_a
9780545083782
041
_a
spa
100
_a
Tedd Arnold
245
_a
Hola hombre mosca
942
_c
BK
952
_7
1
999
_c
21950
_d
21950